000 00310pam a2200133 a 4500
020 _c
041 _h
082 _a743
_bHOD
100 _aSusie Hodge .
245 _aHow to Draw faces in Simple Steps
_hTextual Documents
260 _a[s.l]:
_bSearch Press,
_c2011.
300 _a30:
_bpaper.
930 _a7771
999 _c241561
_d241561